| 000 | 01070am a2200385a 44500 | ||
|---|---|---|---|
| 003 | AR-BaBNM | ||
| 005 | 20251128203436.0 | ||
| 008 | 306119s1975 #AR|||||||||||000 | spa|| | ||
| 020 | _a84-344-8313-0 | ||
| 040 | _cAR-BaBNM | ||
| 100 | 1 | _aLida de Malkiel, María Rosa | |
| 245 | 1 | 0 | _aLa tradición clásica en España |
| 260 |
_aBarcelona _bEditorial Ariel _c1975 |
||
| 300 | _a436 p. | ||
| 490 | 0 | _aLetras e ideas. Maior | |
| 500 | _aContiene índice alfabético en p. 399-436 | ||
| 500 | _aIntroducción de Yakov Malkiel | ||
| 600 | 1 | 4 | _aVirgilio Maron, Publio |
| 600 | 1 | 4 | _aHoracio Flaco, Quinto |
| 600 | 1 | 4 | _aGongora, Luis De |
| 600 | 1 | 4 | _aManrique, Jorge |
| 650 | 4 | _aLITERATURA LATINA | |
| 650 | 4 | _aLITERATURA GRIEGA | |
| 650 | 4 | _aLITERATURA ESPAÑOLA | |
| 650 | 4 | _aENSAYO | |
| 650 | 4 | _aANALISIS LITERARIO | |
| 650 | 4 | _aCRITICA LITERARIA | |
| 650 | 4 | _aMITOLOGIA | |
| 653 | _aINFLUENCIA CLASICA | ||
| 653 | _aSIGLO DE ORO ESPAÑOL | ||
| 655 | _aLITERATURA | ||
| 800 | 1 |
_aRico, Francisco _edirector |
|
| 942 | _cBK | ||
| 998 | _cisola | ||
| 999 |
_c3410 _d3410 |
||